000 00629nam a2200205Ia 4500
003 OSt
005 20240418163253.0
008 210210b2002 xxu||||| |||| 00| 0 eng d
040 _cAL
041 _aKannada
082 _a796.325K THAA
100 _aTHATAGARA (S B).
_dತಟಗಾರ (ಎಸ್ ಬಿ)
_9161418
245 _aAdhunika valibal niyamagalu.
_bಆಧುನಿಕ ವಾಲಿಬಾಲ್ ನಿಯಮಗಳು
260 _aYamakanamaradi
_bBi Em Thatagara
_c2002
300 _axix,116
650 _aVolley ball
_9161419
690 _aAthletic & Outdoor Sports
_9161420
906 _a058796
942 _2ddc
_cBK
999 _c106170
_d106170